|
|
|
|
| LEADER |
00000nam0a2200000 4500 |
| 001 |
337219 |
| 005 |
20231102004929.0 |
| 035 |
|
|
|a (RuTPU)RU\TPU\book\363687
|
| 035 |
|
|
|a RU\TPU\book\363681
|
| 090 |
|
|
|a 337219
|
| 100 |
|
|
|a 20171101d1979 k y0rusy50 ca
|
| 101 |
0 |
|
|a rus
|
| 102 |
|
|
|a RU
|
| 105 |
|
|
|a a z 001zy
|
| 200 |
1 |
|
|a Исследование термодинамических и переносных свойств нейтральных и ионизированных газов
|e тематический сборник научных трудов
|f Московский авиационный институт (МАИ) ; под ред. Б. В. Алексеева
|
| 210 |
|
|
|a Москва
|c Изд-во МАИ
|d 1979
|
| 215 |
|
|
|a 90 с.
|c ил.
|
| 225 |
1 |
|
|a Труды МАИ
|v Вып. 498
|
| 320 |
|
|
|a Библиография в конце статей
|
| 606 |
1 |
|
|a Газовая динамика
|x Физико-химические процессы
|2 stltpush
|3 (RuTPU)RU\TPU\subj\4564
|9 32818
|
| 610 |
1 |
|
|a функции Грина
|
| 610 |
1 |
|
|a релятивистские пучки
|
| 610 |
1 |
|
|a релаксация
|
| 610 |
1 |
|
|a ионы
|
| 610 |
1 |
|
|a теплопроводность
|
| 610 |
1 |
|
|a разряды
|
| 610 |
1 |
|
|a газ
|
| 675 |
|
|
|a 533.6.01
|v 3
|
| 702 |
|
1 |
|a Алексеев
|b Б. В.
|4 340
|
| 712 |
0 |
2 |
|a Московский авиационный институт (МАИ)
|c Национальный исследовательский университет
|2 stltpush
|3 (RuTPU)RU\TPU\col\3642
|
| 801 |
|
1 |
|a RU
|b 63413507
|c 20150613
|
| 801 |
|
2 |
|a RU
|b 63413507
|c 20171101
|g RCR
|
| 942 |
|
|
|c BK
|